[Event "Aeroflot Open A 2018"]
[Site "Moscow RUS"]
[Date "2018.02.22"]
[Round "3.7"]
[White "Kovalev, Vladislav"]
[Black "Svane, Rasmus"]
[Result "1-0"]
[WhiteTitle "GM"]
[BlackTitle "GM"]
[WhiteElo "2641"]
[BlackElo "2586"]
[WhiteFideId "13504398"]
[BlackFideId "4657101"]
[EventDate "2018.02.20"]

1. e4 c6 2. d4 d5 3. exd5 cxd5 4. Bd3 Nc6 5. c3 Qc7 6. Ne2 Bg4 7. O-O Bh5 8. f4
e6 9. Qe1 Bd6 10. Ng3 Nf6 11. Nxh5 Nxh5 12. g3 Nf6 13. Nd2 h5 14. Nf3 Kf8 15.
Bd2 g6 16. Qe2 Kg7 17. Rae1 Rad8 18. Ne5 Ne7 19. Nxf7 Kxf7 20. Qxe6+ Kg7 21. f5
Qd7 22. fxg6 Qxe6 23. Rxe6 Rhf8 24. Bf4 Nc8 25. Bg5 Be7 26. Rfe1 Bd6 27. Bf5 a6
28. a4 Ng4 29. Bxg4 hxg4 30. Bxd8 Rxd8 31. Re8 Rxe8 32. Rxe8 Nb6 33. b3 a5 34.
Kf2 Nd7 35. Ra8 Nf6 36. Rxa5 Bc7 37. Ra7 Ne4+ 38. Ke3 Nd6 39. Kd3 Kxg6 40. c4
Bb6 41. Ra8 Bc7 42. c5 Nf7 43. b4 1-0

[Event "Aeroflot Open A 2018"]
[Site "Moscow RUS"]
[Date "2018.02.22"]
[Round "3.8"]
[White "Lysyj, Igor"]
[Black "Golubov, Saveliy"]
[Result "1-0"]
[WhiteTitle "GM"]
[BlackTitle "IM"]
[WhiteElo "2618"]
[BlackElo "2492"]
[WhiteFideId "4150120"]
[BlackFideId "24176729"]
[EventDate "2018.02.20"]

1. d4 Nf6 2. c4 e6 3. Nf3 d5 4. Nc3 Be7 5. Bf4 O-O 6. e3 Nbd7 7. a3 c5 8. cxd5
Nxd5 9. Nxd5 exd5 10. dxc5 Nxc5 11. Be5 Bf6 12. Bxf6 Qxf6 13. Qd4 Qxd4 14. Nxd4
Bd7 15. g3 Ne6 16. Rd1 Rfc8 17. Bg2 Nxd4 18. Rxd4 Rc2 19. Rd2 Rac8 20. Bxd5 Bg4
21. f3 Rc1+ 22. Rd1 Rxd1+ 23. Kxd1 Rd8 24. fxg4 Rxd5+ 25. Ke2 Kf8 26. Rc1 Rd7
27. Rc8+ Ke7 28. g5 h6 29. gxh6 gxh6 30. Rc5 a6 31. b4 Kf6 32. a4 Rd6 33. h4 Re6
34. Kf3 Kg7 35. g4 Rf6+ 36. Ke2 Rg6 37. Rc4 Rd6 38. Rd4 Rc6 39. Kd3 Rc1 40. a5
Rc6 41. Rd5 b5 42. Ke4 Rc4+ 43. Rd4 Rc3 44. Kf4 Rc6 45. e4 Kf8 46. Kf5 Kg7 47.
e5 Rc1 48. e6 Rf1+ 49. Ke5 Re1+ 50. Re4 f6+ 51. Kd5 Rd1+ 52. Rd4 1-0

[Event "Aeroflot Open A 2018"]
[Site "Moscow RUS"]
[Date "2018.02.22"]
[Round "3.9"]
[White "Aryan, Chopra"]
[Black "Aravindh, Chithambaram VR."]
[Result "1/2-1/2"]
[WhiteTitle "GM"]
[BlackTitle "GM"]
[WhiteElo "2509"]
[BlackElo "2617"]
[WhiteFideId "5084423"]
[BlackFideId "5072786"]
[EventDate "2018.02.20"]

1. e4 e5 2. Nf3 Nc6 3. d4 exd4 4. Nxd4 Bc5 5. Nb3 Bb6 6. Nc3 Nf6 7. Bg5 O-O 8.
Qf3 Ne5 9. Qf4 Ng6 10. Qf3 Ne5 11. Qf4 Ng6 12. Bxf6 Nxf4 13. Bxd8 Rxd8 14. g3
Ne6 15. Nd5 c6 16. Nxb6 axb6 17. Bg2 d6 18. a3 Nc5 19. Nxc5 bxc5 20. O-O-O Be6
21. f4 f6 22. Kd2 Kf8 23. Ke3 Ke7 24. h4 Ra4 25. Rd2 b5 26. Rhd1 Bg4 27. Bf3
Bxf3 28. Kxf3 h5 29. f5 Rd7 30. Ke3 Ra8 31. Kf4 Rg8 32. Rg2 g5+ 33. fxg6 Rxg6
34. g4 Ke6 35. g5 Rf7 1/2-1/2

[Event "Aeroflot Open A 2018"]
[Site "Moscow RUS"]
[Date "2018.02.22"]
[Round "3.10"]
[White "Jumabayev, Rinat"]
[Black "Pavlov, Sergey2"]
[Result "1/2-1/2"]
[WhiteTitle "GM"]
[BlackTitle "IM"]
[WhiteElo "2614"]
[BlackElo "2485"]
[WhiteFideId "13702661"]
[BlackFideId "14114330"]
[EventDate "2018.02.20"]

1. c4 e6 2. Nc3 Bb4 3. e3 Nf6 4. Nge2 c5 5. a3 Ba5 6. d4 d6 7. Ng3 O-O 8. Be2 d5
9. dxc5 Bxc3+ 10. bxc3 dxc4 11. Qxd8 Rxd8 12. e4 Nbd7 13. Be3 Ne5 14. Bd4 Nd3+
15. Bxd3 cxd3 16. Bxf6 gxf6 17. Kd2 Kf8 18. Rhb1 Ke7 19. Rb5 Rd7 20. Nh5 Rc7 21.
Rab1 a6 22. Rb6 Rxc5 23. g4 Rb5 24. R6xb5 axb5 25. Rb3 Ra4 26. Kxd3 f5 27. f3
fxe4+ 28. fxe4 Bd7 29. g5 Bc6 30. Rb4 Rxa3 31. Nf6 Ra2 32. h4 Rh2 33. e5 Rh3+
34. Kd2 Rh2+ 35. Kd3 1/2-1/2

[Event "Aeroflot Open A 2018"]
[Site "Moscow RUS"]
[Date "2018.02.22"]
[Round "3.11"]
[White "Wen, Yang"]
[Black "Karavade, Eesha"]
[Result "1/2-1/2"]
[WhiteTitle "GM"]
[BlackTitle "IM"]
[WhiteElo "2608"]
[BlackElo "2386"]
[WhiteFideId "8602956"]
[BlackFideId "5012600"]
[EventDate "2018.02.20"]

1. e4 c5 2. Nf3 d6 3. d4 cxd4 4. Nxd4 Nf6 5. Nc3 a6 6. Be2 e5 7. Nb3 Be7 8. O-O
O-O 9. Qd3 Qc7 10. Bd2 Be6 11. Rfd1 Nbd7 12. Nd5 Bxd5 13. exd5 Nc5 14. Nxc5 dxc5
15. c4 Bd6 16. Bc3 Rad8 17. Qf5 Qd7 18. Bd3 Qxf5 19. Bxf5 Rfe8 20. Ba5 Rb8 21.
Bb6 g6 22. Bh3 Ne4 23. f3 Ng5 24. Bd7 Re7 25. Ba4 f6 26. b4 Rc8 27. bxc5 Rxc5
28. Rac1 Nf7 29. Kf1 Kf8 30. g3 Rec7 31. Bb3 Ke7 32. Ke2 Rc8 33. a4 a5 34. Ba2
R5c7 35. Rb1 Bb4 36. Kd3 Nd6 37. Bxc7 Rxc7 38. Rxb4 axb4 39. Rb1 Rc5 40. Rxb4
Kd7 41. Kc3 Ra5 42. Rb2 Kc7 43. Bb3 b6 44. Re2 Ra8 45. Bc2 Nb7 46. Re1 Nc5 47.
Ra1 Kd6 48. g4 Nb7 49. h4 Kc5 50. h5 Nd6 51. Bd3 f5 52. gxf5 gxf5 53. h6 e4 54.
fxe4 fxe4 55. Be2 1/2-1/2

[Event "Aeroflot Open A 2018"]
[Site "Moscow RUS"]
[Date "2018.02.22"]
[Round "3.12"]
[White "Paravyan, David"]
[Black "Yakubboev, Nodirbek"]
[Result "1/2-1/2"]
[WhiteTitle "GM"]
[BlackTitle "IM"]
[WhiteElo "2603"]
[BlackElo "2462"]
[WhiteFideId "4194985"]
[BlackFideId "14203987"]
[EventDate "2018.02.20"]

1. Nf3 Nf6 2. c4 b6 3. g3 Bb7 4. Bg2 g6 5. O-O Bg7 6. d4 e6 7. Qc2 O-O 8. Nc3 d5
9. cxd5 exd5 10. Bf4 c6 11. Rfd1 Nbd7 12. b4 Qe7 13. Rab1 Rfe8 14. Qb3 h6 15. h4
Rad8 16. Rbc1 a6 17. a4 b5 18. a5 Nh5 19. Bd2 f5 20. e3 Nhf6 21. Ne2 Ne4 22. Nf4
g5 23. Nd3 Bf6 24. Be1 Kh7 25. hxg5 hxg5 26. Rc2 Qd6 27. Qb2 Re7 28. Qc1 Rh8 29.
Kf1 Kg8 30. Nfe5 Bxe5 31. dxe5 Nxe5 32. Nxe5 Rxe5 33. f3 Nf6 34. Bc3 Re6 35. e4
fxe4 36. Qxg5+ Kf7 37. fxe4 Rg8 38. Qf5 Qxg3 39. e5 Qg4 40. Qf3 Qxf3+ 1/2-1/2

[Event "Aeroflot Open A 2018"]
[Site "Moscow RUS"]
[Date "2018.02.22"]
[Round "3.13"]
[White "Mikaelyan, Arman"]
[Black "Fedoseev, Vladimir3"]
[Result "0-1"]
[WhiteTitle "GM"]
[BlackTitle "GM"]
[WhiteElo "2486"]
[BlackElo "2724"]
[WhiteFideId "13304852"]
[BlackFideId "24130737"]
[EventDate "2018.02.20"]

1. d4 Nf6 2. c4 e6 3. Nf3 Ne4 4. g3 Bb4+ 5. Nbd2 Nxd2 6. Bxd2 Bxd2+ 7. Qxd2 d6
8. Bg2 O-O 9. O-O a5 10. Rac1 Nd7 11. c5 Nf6 12. cxd6 cxd6 13. Rc2 Bd7 14. Rfc1
h6 15. Ne1 Qb6 16. e3 e5 17. dxe5 dxe5 18. Rc5 e4 19. Qc3 Be6 20. a3 Rfd8 21.
Bf1 Rd6 22. Rb5 Qd8 23. Qe5 b6 24. Ng2 Rc8 25. Rxc8 Bxc8 26. Qc3 Ba6 27. Re5 Rd1
28. Ne1 Bxf1 29. Kxf1 Qd3+ 0-1

[Event "Aeroflot Open A 2018"]
[Site "Moscow RUS"]
[Date "2018.02.22"]
[Round "3.16"]
[White "Mamedov, Rauf"]
[Black "Pichot, Alan"]
[Result "1-0"]
[WhiteTitle "GM"]
[BlackTitle "GM"]
[WhiteElo "2709"]
[BlackElo "2552"]
[WhiteFideId "13401653"]
[BlackFideId "110973"]
[EventDate "2018.02.20"]

1. e4 c5 2. Nf3 Nc6 3. Bb5 e6 4. O-O Nge7 5. d4 cxd4 6. Nxd4 Ng6 7. Be2 Be7 8.
Be3 O-O 9. c4 Nxd4 10. Qxd4 Bf6 11. Qd2 b6 12. Nc3 Bb7 13. f3 Qe7 14. Rad1 Rfd8
15. Qd6 Qxd6 16. Rxd6 Be5 17. Rd2 Nf4 18. Bd4 Bxd4+ 19. Rxd4 e5 20. Rd2 Kf8 21.
Rfd1 Bc6 22. Bf1 a5 23. b3 Ke7 24. Re1 d6 25. Rc1 Ne6 26. Kf2 g6 27. Ke3 h5 28.
g3 h4 29. f4 Nd4 30. g4 f5 31. exf5 gxf5 32. Bg2 fxg4 33. Bxc6 Nxc6 34. Nd5+ Kf7
35. Rf1 e4 36. Rg1 Rg8 37. Nxb6 Rae8 38. Nd5 Rg6 39. Rdg2 Reg8 40. Kxe4 g3 41.
hxg3 h3 42. Rh2 Rxg3 43. Rxg3 Rxg3 44. Ne3 Kf6 45. Nf5 Rg2 46. Rxh3 Re2+ 47. Ne3
Rxa2 48. Rh6+ Ke7 49. Nf5+ Kd7 50. Rxd6+ Kc7 51. Rh6 Rb2 52. c5 Re2+ 53. Kd3 Rf2
54. Rh7+ Kb8 55. Rh4 Rb2 56. Kc4 Rc2+ 57. Kb5 Na7+ 58. Kb6 1-0

[Event "Aeroflot Open A 2018"]
[Site "Moscow RUS"]
[Date "2018.02.22"]
[Round "3.17"]
[White "Vavulin, Maksim"]
[Black "Inarkiev, Ernesto"]
[Result "1/2-1/2"]
[WhiteTitle "IM"]
[BlackTitle "GM"]
[WhiteElo "2575"]
[BlackElo "2684"]
[WhiteFideId "4169530"]
[BlackFideId "4162722"]
[EventDate "2018.02.20"]

1. e4 e5 2. Nf3 Nc6 3. Bb5 a6 4. Ba4 Nf6 5. O-O Be7 6. Bxc6 dxc6 7. d3 Nd7 8.
Nbd2 O-O 9. Nc4 f6 10. Nh4 Nc5 11. Ne3 g6 12. Nf3 a5 13. a4 b6 14. Nc4 Ne6 15.
Bh6 Re8 16. Nfd2 Qd7 17. Kh1 Bb7 18. f4 exf4 19. Bxf4 Bf8 20. Be3 Qd8 21. Qg4 c5
22. Rf2 Bg7 23. Raf1 Nd4 24. Bxd4 cxd4 25. h4 Bc8 26. Qg3 Be6 27. h5 Bf7 28. h6
Bxh6 29. Rxf6 Bxc4 30. Nxc4 Bg7 31. Rf7 Re7 32. R7f3 Qe8 33. b3 Rd8 34. Kg1 Rdd7
35. Qg5 h6 36. Qg4 Kh7 37. Kf2 Qg8 38. Ke2 Qe6 39. Qg3 Rd5 40. Rh1 Kg8 41. Qh3 1/2-1/2

[Event "Aeroflot Open A 2018"]
[Site "Moscow RUS"]
[Date "2018.02.22"]
[Round "3.19"]
[White "Sargissian, Gabriel"]
[Black "Lomasov, Semen"]
[Result "1/2-1/2"]
[WhiteTitle "GM"]
[BlackTitle "IM"]
[WhiteElo "2677"]
[BlackElo "2530"]
[WhiteFideId "13300881"]
[BlackFideId "24164879"]
[EventDate "2018.02.20"]

1. d4 Nf6 2. Nf3 e6 3. g3 c5 4. Bg2 cxd4 5. O-O d5 6. Nxd4 e5 7. Nf3 Nc6 8. c4
d4 9. e3 Be7 10. exd4 exd4 11. Bf4 O-O 12. Ne5 Qb6 13. Re1 Qxb2 14. Nd2 Nxe5 15.
Bxe5 Bb4 16. Re2 Bg4 17. f3 Bf5 18. Nb3 Qa3 19. Bxf6 gxf6 20. Qxd4 Kg7 21. f4
Rfe8 22. Qf2 Bd3 23. Rxe8 Rxe8 24. Bf1 Be4 25. Bg2 Qa6 26. Rc1 Qd6 27. Bxe4 Rxe4
28. Qf3 f5 29. Rc2 a5 30. Kg2 a4 31. Nc1 Bc5 32. Qd3 Qc6 33. Qf3 Qe6 34. Qd3 Rd4
35. Qe2 Qc6+ 36. Qf3 Qd7 37. Qh5 h6 38. Qe2 Ba3 39. Kh3 Bxc1 40. Rxc1 Rd2 41.
Qe5+ f6 42. Qb5 Qc6 43. Qxc6 bxc6 44. Rb1 Rc2 45. Rb7+ Kg6 46. Rc7 Rxc4 47. a3
Rc3 48. Kg2 Rxa3 49. Rxc6 Ra2+ 50. Kh3 a3 51. Ra6 Kf7 52. g4 Kg6 53. Ra5 fxg4+
54. Kxg4 h5+ 55. Kg3 Kh6 56. Ra6 Kg7 57. Ra7+ Kg6 58. Ra5 Ra1 59. Kf3 a2 60. Kg2
Kf7 61. f5 Ke7 62. Ra6 Kd7 63. Kh3 Kc7 64. Kh4 Kb7 65. Ra3 1/2-1/2

[Event "Aeroflot Open A 2018"]
[Site "Moscow RUS"]
[Date "2018.02.22"]
[Round "3.20"]
[White "Shevchenko, Kirill"]
[Black "Sasikiran, Krishnan"]
[Result "1/2-1/2"]
[WhiteTitle "GM"]
[BlackTitle "GM"]
[WhiteElo "2538"]
[BlackElo "2671"]
[WhiteFideId "14129574"]
[BlackFideId "5004985"]
[EventDate "2018.02.20"]

1. d4 d5 2. c4 c6 3. Nf3 Nf6 4. e3 Bf5 5. Nc3 e6 6. Nh4 Bg6 7. Qb3 Qc7 8. Nxg6
hxg6 9. g3 Be7 10. Bg2 dxc4 11. Qxc4 Nbd7 12. Bd2 a6 13. Rc1 Rd8 14. O-O O-O 15.
Rfd1 Qb8 16. Qe2 Rfe8 17. Be1 Bf8 18. Rb1 Bd6 19. b4 e5 20. d5 c5 21. b5 a5 22.
b6 e4 23. Qc2 Qc8 24. Nxe4 Nxe4 25. Bxe4 Ne5 26. Bg2 Qg4 27. h3 Nf3+ 28. Kh1
Nxe1 29. Rxe1 Qh5 30. Rb5 g5 31. Qe2 Qg6 32. Rxa5 f5 33. Bf3 1/2-1/2

[Event "Aeroflot Open A 2018"]
[Site "Moscow RUS"]
[Date "2018.02.22"]
[Round "3.21"]
[White "Nihal, Sarin"]
[Black "Piorun, Kacper"]
[Result "1/2-1/2"]
[WhiteTitle "IM"]
[BlackTitle "GM"]
[WhiteElo "2532"]
[BlackElo "2659"]
[WhiteFideId "25092340"]
[BlackFideId "1130420"]
[EventDate "2018.02.20"]

1. d4 d5 2. c4 dxc4 3. e3 b5 4. a4 b4 5. Bxc4 e6 6. Nf3 Nf6 7. O-O Be7 8. Qe2
O-O 9. Nbd2 Bb7 10. b3 Nbd7 11. Ba6 Bxa6 12. Qxa6 c5 13. Bb2 cxd4 14. Nxd4 Nc5
15. Qe2 Rc8 16. e4 Qb6 17. Rac1 Qb7 18. f3 Rfd8 19. Qe3 Qa6 20. Nc4 Nb7 21. Kh1
Bc5 22. Rfd1 Na5 23. Nxa5 Qxa5 24. Qe2 Qb6 25. Nc2 1/2-1/2

[Event "Aeroflot Open A 2018"]
[Site "Moscow RUS"]
[Date "2018.02.22"]
[Round "3.22"]
[White "Triapishko, Alexandr"]
[Black "Bluebaum, Matthias"]
[Result "1/2-1/2"]
[WhiteTitle "IM"]
[BlackTitle "GM"]
[WhiteElo "2530"]
[BlackElo "2635"]
[WhiteFideId "14122286"]
[BlackFideId "24651516"]
[EventDate "2018.02.20"]

1. d4 d5 2. Nf3 Nf6 3. c4 e6 4. g3 dxc4 5. Bg2 Bb4+ 6. Bd2 a5 7. O-O O-O 8. Bg5
h6 9. Bxf6 Qxf6 10. Nc3 Nd7 11. Rc1 Qd8 12. e3 Rb8 13. Nb5 Nb6 14. a3 Bd7 15.
axb4 axb4 16. Na7 Ba4 17. Qd2 Ra8 18. Qxb4 Rxa7 19. Nd2 Qd6 20. Qc3 Bb5 21. Ne4
Qe7 22. Rfe1 Ra2 23. Nc5 c6 24. b3 Nd5 25. Bxd5 cxd5 26. Qb4 Bc6 27. bxc4 Qf6
28. Rf1 dxc4 29. Qxc4 Bd5 30. Qc3 Qf3 31. e4 Bxe4 32. Nxe4 Qxe4 33. Rce1 Qd5 34.
Re5 Qd7 35. d5 exd5 36. Rd1 Qc6 37. Qf3 Ra5 38. Rexd5 Rxd5 39. Qxd5 Qxd5 40.
Rxd5 Rb8 41. Rb5 Kf8 42. Kf1 Ke7 43. Ke2 Kd6 44. Rf5 f6 45. Kd3 b5 46. Kc3 Rc8+
47. Kb4 Ke6 48. Rf3 Rb8 49. h3 Rb7 50. Kc5 b4 51. Re3+ Kf5 52. Rf3+ Kg5 53. Rb3
h5 54. Kc6 Rb8 55. Kc7 Re8 56. Rxb4 Re2 57. Rf4 Rd2 58. Kc6 Kg6 59. Kc5 Kf7 60.
Kc4 g5 61. Rf3 Kg6 62. Kc3 Rd1 63. g4 hxg4 64. hxg4 Rg1 65. Rg3 Rf1 66. Rf3 Rg1
67. Rg3 Ra1 68. Kd2 f5 69. gxf5+ Kxf5 70. Ke2 g4 71. f3 Ra2+ 72. Ke3 Ra3+ 73.
Kf2 Ra2+ 74. Ke3 Ra3+ 75. Kf2 Ra4 76. Rxg4 Rxg4 77. fxg4+ Kxg4 1/2-1/2

[Event "Aeroflot Open A 2018"]
[Site "Moscow RUS"]
[Date "2018.02.22"]
[Round "3.23"]
[White "Mareco, Sandro"]
[Black "Xu, Xiangyu"]
[Result "0-1"]
[WhiteTitle "GM"]
[BlackTitle "GM"]
[WhiteElo "2632"]
[BlackElo "2545"]
[WhiteFideId "112275"]
[BlackFideId "8608288"]
[EventDate "2018.02.20"]

1. Nf3 Nf6 2. d4 g6 3. Bf4 Bg7 4. e3 O-O 5. c3 d6 6. h3 c5 7. Nbd2 cxd4 8. exd4
Nc6 9. Be2 Nd5 10. Bh2 e5 11. O-O Re8 12. Nc4 Bf5 13. dxe5 dxe5 14. Qb3 e4 15.
Rad1 exf3 16. Bxf3 Be6 17. Qxb7 Nce7 18. Qb5 a6 19. Qa4 Ra7 20. Nd6 Rf8 21. c4
Nb6 22. Qa3 Rd7 23. b3 Nbc8 24. c5 Nxd6 25. cxd6 Nf5 26. Bc6 Qb6 27. Bxd7 Bxd7
28. Rc1 Bd4 29. Rc7 Rd8 30. g4 Nh4 31. Bg3 Nf3+ 32. Kg2 Bc6 33. Rc1 Bd5 34. R1c5
Be4 35. Rc1 Ng5+ 36. Kf1 Qb5+ 37. Kg1 Qe2 0-1

[Event "Aeroflot Open A 2018"]
[Site "Moscow RUS"]
[Date "2018.02.22"]
[Round "3.24"]
[White "Salomon, Johan"]
[Black "Gordievsky, Dmitry"]
[Result "0-1"]
[WhiteTitle "GM"]
[BlackTitle "GM"]
[WhiteElo "2503"]
[BlackElo "2630"]
[WhiteFideId "1509500"]
[BlackFideId "24112798"]
[EventDate "2018.02.20"]

1. e4 c5 2. Nf3 e6 3. d4 cxd4 4. Nxd4 a6 5. c4 Nf6 6. Nc3 Qc7 7. Be2 Bb4 8. Nc2
Be7 9. Be3 d6 10. Qd2 b6 11. f3 Bb7 12. g4 Nc6 13. g5 Nd7 14. h4 Rc8 15. b3 Qb8
16. h5 b5 17. cxb5 axb5 18. Nxb5 d5 19. exd5 exd5 20. Bf4 Nde5 21. Kf1 O-O 22.
a4 Ba8 23. Rd1 Rcd8 24. Ncd4 Nxd4 25. Qxd4 f6 26. Rc1 Rd7 27. g6 Bd8 28. gxh7+
Kh8 29. Be3 Re8 30. Qf4 d4 31. Bxd4 Qb7 32. Rc3 Ba5 33. b4 Bb6 34. Bc5 Red8 35.
h6 Bxc5 36. bxc5 Rf8 37. hxg7+ Rxg7 38. Rh5 Qf7 39. Rh6 Qa2 40. Rc1 Bxf3 41. Nc3
Bxe2+ 42. Nxe2 Qd5 43. Ng3 Qd3+ 44. Ne2 Ng4 45. Qd6 Ne3+ 46. Ke1 Ng2+ 47. Kf1
Qf3+ 0-1

[Event "Aeroflot Open A 2018"]
[Site "Moscow RUS"]
[Date "2018.02.22"]
[Round "3.25"]
[White "Zvjaginsev, Vadim"]
[Black "Xu, Yinglun"]
[Result "1/2-1/2"]
[WhiteTitle "GM"]
[BlackTitle "GM"]
[WhiteElo "2629"]
[BlackElo "2538"]
[WhiteFideId "4113403"]
[BlackFideId "8604940"]
[EventDate "2018.02.20"]

1. e4 e6 2. d3 c5 3. Nf3 Nc6 4. g3 d5 5. Qe2 Nf6 6. Bg2 Be7 7. O-O O-O 8. Rd1 b5
9. c3 Bd7 10. Bf4 Nh5 11. Be3 Nf6 12. Nbd2 Ng4 13. Nb3 Nxe3 14. Qxe3 Qb6 15.
exd5 exd5 16. d4 c4 17. Nc5 Rad8 18. b4 cxb3 19. axb3 Rfe8 20. b4 Bc8 21. Re1 a5
22. Qd2 Bf6 23. h3 h6 24. Bf1 Rxe1 25. Rxe1 Bf5 26. g4 Bg6 27. bxa5 Nxa5 28. Qe2
Nc4 29. Nd7 Qc6 30. Qe8+ Rxe8 31. Rxe8+ Kh7 32. Nf8+ Kg8 33. Nd7+ Kh7 34. Nf8+
Kg8 1/2-1/2

[Event "Aeroflot Open A 2018"]
[Site "Moscow RUS"]
[Date "2018.02.22"]
[Round "3.26"]
[White "Yuffa, Daniil"]
[Black "Zhigalko, Sergei"]
[Result "1/2-1/2"]
[WhiteTitle "GM"]
[BlackTitle "GM"]
[WhiteElo "2521"]
[BlackElo "2625"]
[WhiteFideId "24131423"]
[BlackFideId "13502956"]
[EventDate "2018.02.20"]

1. d4 Nf6 2. c4 e6 3. Nf3 b6 4. g3 Ba6 5. Qc2 Bb7 6. Bg2 c5 7. d5 exd5 8. cxd5
Nxd5 9. O-O Nc6 10. Rd1 Be7 11. Qf5 Nf6 12. e4 g6 13. Qf4 O-O 14. e5 Nh5 15. Qg4
Qb8 16. Nc3 Nxe5 17. Nxe5 Bxg2 18. Nxd7 Qb7 19. Nxf8 Nf6 20. Qh4 Bh1 21. f3 Qxf3
22. Rd2 c4 23. Nd7 Re8 24. Rf2 Bc5 25. Be3 Bxe3 26. Nxf6+ Kf8 27. Nd7+ Kg8 28.
Nf6+ Kf8 29. Nd7+ 1/2-1/2

[Event "Aeroflot Open A 2018"]
[Site "Moscow RUS"]
[Date "2018.02.22"]
[Round "3.27"]
[White "Romanov, Evgeny"]
[Black "Tran, Tuan Minh"]
[Result "1-0"]
[WhiteTitle "GM"]
[BlackTitle "GM"]
[WhiteElo "2621"]
[BlackElo "2522"]
[WhiteFideId "4148843"]
[BlackFideId "12401820"]
[EventDate "2018.02.20"]

1. e4 c5 2. Nf3 d6 3. d4 cxd4 4. Qxd4 Nc6 5. Bb5 Bd7 6. Qd3 g6 7. O-O Bg7 8. c4
Nf6 9. Nc3 O-O 10. Bxc6 Bxc6 11. Nd4 Qb6 12. Rd1 Nd7 13. b3 Nc5 14. Qe3 a5 15.
Rb1 a4 16. b4 Ne6 17. Nxc6 Qxc6 18. Nd5 Rfe8 19. Bb2 Bxb2 20. Rxb2 a3 21. Rc2
Nc7 22. h4 Nxd5 23. Rxd5 Qa4 24. Qc3 Rec8 25. h5 Rc7 26. Rcd2 Rac8 27. c5 b6 28.
e5 dxc5 29. hxg6 Qxb4 30. gxf7+ Kxf7 31. e6+ Kxe6 32. Qh3+ Kf6 33. Qh6+ 1-0

[Event "Aeroflot Open A 2018"]
[Site "Moscow RUS"]
[Date "2018.02.22"]
[Round "3.28"]
[White "Repka, Christopher"]
[Black "Tari, Aryan"]
[Result "1/2-1/2"]
[WhiteTitle "IM"]
[BlackTitle "GM"]
[WhiteElo "2513"]
[BlackElo "2597"]
[WhiteFideId "14918781"]
[BlackFideId "1510045"]
[EventDate "2018.02.20"]

1. Nf3 c5 2. c4 Nf6 3. g3 d5 4. Bg2 d4 5. b4 cxb4 6. Qa4+ Bd7 7. Qxb4 Nc6 8. Qb2
e5 9. O-O Bc5 10. d3 O-O 11. Nbd2 Qc7 12. Nb3 Bb4 13. Bd2 Bxd2 14. Nfxd2 b6 15.
e3 Rad8 16. exd4 Nxd4 17. Nxd4 exd4 18. Rfe1 Bf5 19. Ne4 Nd7 20. Qb5 Nc5 21.
Nxc5 bxc5 22. Qb3 Rb8 23. Qa3 Rb4 24. Re2 Bg4 25. Re4 Bf5 26. Re2 Bg4 27. Re4
Bf5 1/2-1/2

[Event "Aeroflot Open A 2018"]
[Site "Moscow RUS"]
[Date "2018.02.22"]
[Round "3.29"]
[White "Hakobyan, Aram"]
[Black "Martirosyan, Haik M."]
[Result "1/2-1/2"]
[WhiteTitle "IM"]
[BlackTitle "GM"]
[WhiteElo "2497"]
[BlackElo "2586"]
[WhiteFideId "13306677"]
[BlackFideId "13306553"]
[EventDate "2018.02.20"]

1. d4 Nf6 2. c4 e6 3. Nf3 d5 4. Nc3 Be7 5. Bg5 O-O 6. e3 h6 7. Bxf6 Bxf6 8. Rc1
c6 9. Bd3 Nd7 10. O-O dxc4 11. Bxc4 e5 12. d5 Nb6 13. Qb3 Nxc4 14. Qxc4 cxd5 15.
Nxd5 Be6 16. Nxf6+ Qxf6 17. Qe4 1/2-1/2

[Event "Aeroflot Open A 2018"]
[Site "Moscow RUS"]
[Date "2018.02.22"]
[Round "3.30"]
[White "Iniyan, P"]
[Black "Karthikeyan, Murali"]
[Result "0-1"]
[WhiteTitle "IM"]
[BlackTitle "GM"]
[WhiteElo "2460"]
[BlackElo "2585"]
[WhiteFideId "25002767"]
[BlackFideId "5074452"]
[EventDate "2018.02.20"]

1. d4 Nf6 2. c4 g6 3. f3 Bg7 4. e4 d6 5. Be3 O-O 6. Ne2 e5 7. Nbc3 Nbd7 8. Qd2
Nb6 9. b3 exd4 10. Nxd4 c6 11. Be2 Qe7 12. O-O Re8 13. Rfe1 d5 14. cxd5 Nfxd5
15. Nxd5 cxd5 16. Rac1 dxe4 17. Nb5 Rd8 18. Qc2 Nd5 19. Qc5 Qxc5 20. Bxc5 b6 21.
Bd6 Ba6 22. fxe4 Bxb5 23. Bxb5 Nc3 24. Bc4 Bd4+ 0-1

[Event "Aeroflot Open A 2018"]
[Site "Moscow RUS"]
[Date "2018.02.22"]
[Round "3.31"]
[White "Kulaots, Kaido"]
[Black "Abdusattorov, Nodirbek"]
[Result "0-1"]
[WhiteTitle "GM"]
[BlackTitle "IM"]
[WhiteElo "2582"]
[BlackElo "2516"]
[WhiteFideId "4500261"]
[BlackFideId "14204118"]
[EventDate "2018.02.20"]

1. c4 Nf6 2. Nc3 c5 3. Nf3 d5 4. cxd5 Nxd5 5. e3 Nc6 6. Bb5 Nxc3 7. bxc3 Bd7 8.
O-O a6 9. Be2 e5 10. d4 cxd4 11. cxd4 exd4 12. exd4 Bd6 13. d5 Ne7 14. Bb2 O-O
15. Ne5 Ng6 16. Nxd7 Qxd7 17. g3 Be5 18. Bxe5 Nxe5 19. Qd4 Rfe8 20. Rfd1 Rac8
21. Rac1 Qd6 22. Rc3 g6 23. a4 Rxc3 24. Qxc3 Nd7 25. Bf1 Nf6 26. a5 Rd8 27. Qb2
Rd7 28. Bg2 Ne8 29. Qd4 Qc7 30. Bh3 Rd8 31. Qd2 Nd6 32. Rc1 Qe7 33. Qf4 Kg7 34.
Bg4 Qf6 35. Qxf6+ Kxf6 36. f4 h5 37. Bh3 Re8 38. Kf1 Re3 39. Rc7 Rb3 40. Rd7 Nc4
41. d6 Nxa5 42. Bg2 Rb1+ 43. Kf2 Rb2+ 44. Kg1 Rd2 45. Bxb7 Nxb7 46. Rxb7 Rxd6
47. Kg2 Ke6 48. Kf3 f5 49. Ke3 Kd5 50. Rb1 Kc4 51. Ra1 Kc3 52. Ra4 Re6+ 53. Kf3
Kb3 54. Ra1 Kb4 55. Rb1+ Kc5 56. Rc1+ Kb6 57. Rb1+ Ka7 58. Ra1 Rd6 59. Kg2 Rd5
60. Re1 Rb5 61. Re6 Rb6 62. Re7+ Kb8 63. Re5 Rc6 64. Ra5 Kb7 65. Ra1 Rc5 66. Kh3
a5 67. Kh4 Ka6 68. Kg5 Rc6 69. h3 Kb5 70. Rb1+ Kc4 71. Rc1+ Kd5 72. Rd1+ Ke4 73.
Re1+ Kf3 74. Ra1 Ra6 75. Ra3+ Ke4 76. Ra4+ Kd5 77. g4 hxg4 78. hxg4 fxg4 79.
Kxg4 Kc5 80. Kg5 Kb5 81. Ra1 a4 82. Rb1+ Kc4 83. Rc1+ Kb3 84. Rb1+ Kc2 85. Ra1
Kb2 0-1

[Event "Aeroflot Open A 2018"]
[Site "Moscow RUS"]
[Date "2018.02.22"]
[Round "3.32"]
[White "Xu, Yi"]
[Black "Sarana, Alexey"]
[Result "1-0"]
[WhiteTitle "IM"]
[BlackTitle "GM"]
[WhiteElo "2490"]
[BlackElo "2577"]
[WhiteFideId "8605564"]
[BlackFideId "24133795"]
[EventDate "2018.02.20"]

1. e4 c5 2. Nf3 d6 3. d4 cxd4 4. Nxd4 Nf6 5. Nc3 a6 6. Bg5 Nbd7 7. Bc4 Qb6 8.
O-O Qc5 9. Bd5 e6 10. Re1 Ne5 11. Bxf6 gxf6 12. Re3 h5 13. b4 Qa7 14. Bb3 Bd7
15. Nce2 Rc8 16. c3 b5 17. a4 Qb7 18. axb5 axb5 19. Ra5 Be7 20. h3 Ra8 21. Rxa8+
Qxa8 22. Nf4 h4 23. Re1 Bf8 24. Qe2 Qb7 25. Kh1 Ke7 26. Nh5 Qc7 27. Rc1 Nc6 28.
Nxb5 Qb8 29. Rd1 Na5 30. Nxd6 Nxb3 31. e5 f5 32. Nf6 Bc6 33. Qa6 Bg7 34. Qxc6
Rd8 35. Qc4 Bxf6 36. exf6+ Kxf6 37. Qxh4+ Kg6 38. Rd3 1-0